000 00983nam a2200241Ii 4500
003 JO-AjNU
008 230605s9999||||xx |||||||||||||| ||und||
017 _a2020/7/2473
020 _a978-9923-38-018-5
040 _aJO-AjNU
_bara
_erda
_cJO-AjNU
041 _aara
050 1 4 _aKMJ2506.2021
100 3 _aاعداد القسم السياسي لهيئة علماء المسلمين في العراق,
_eauthor
_964100
245 0 0 _aموقف هيئة علماء المسلمين من العملية السياسية وانتخابات عام (2005م): (مجموعة وثائق)
250 _aط1
264 3 1 _aبغداد: مؤسسة البصائر للدراسات والنشر، 2021
300 _a75ص
336 _atext
_btxt
_2rdacontent
337 _aunmediated
_bn
_2rdamedia
338 _avolume
_bnc
_2rdacarrier
490 0 _aسلسلة اصدارات هيئة علماء المسلمين في العراق 34
650 4 _aالانتخابات-العراق
_964101
999 _aA29111
_c32679
_d32679